| 000 | 01019nam a22003017a 4500 | ||
|---|---|---|---|
| 001 | 7851 | ||
| 003 | FISKH | ||
| 005 | 20250812093601.0 | ||
| 008 | 250812b cb ||||| |||| 00| 0 eng d | ||
| 020 | _a0671867903 | ||
| 040 |
_aDLC _cDLC _dDLC _beng |
||
| 050 | _aPZ7.K833 D | ||
| 082 | _a813.54 | ||
| 100 | 1 |
_aKoller, Jackie French _d(1948-) |
|
| 245 | 1 | 4 |
_aThe dragonling / _cBy Jackie French Koller ; Illustrated by Judith Mitchell. |
| 250 | _aThis edition first published in 1990 | ||
| 260 |
_aBoston : _bMinstrel, _c1990. |
||
| 300 |
_a60 pages : _billustrations ; _c20 cm. |
||
| 505 | _aP | ||
| 520 | _aFinding a baby dragon accidentally left alive after his older brother's dragonquest, Darek risks death and the anger of his people in trying to return it to the Valley of the Dragons. | ||
| 521 | 8 |
_a640
_bLexile |
|
| 521 | 8 |
_aP
_bRaz-Plus |
|
| 650 | 1 |
_aDragons _xFiction. |
|
| 650 | 1 |
_aFantasy. _2Juvenile |
|
| 700 | 1 |
_aMitchell, Judith _eillustrator |
|
| 942 |
_2ddc _cBK _n0 |
||
| 999 |
_c7851 _d7851 |
||